Ciudadanía activa (Record no. 83062)

MARC details
000 -LEADER
campo de control de longitud fija 02187nac a2200529 i 4500
001 - NÚMERO DE CONTROL
campo de control MOR01000083382
003 - IDENTIFICADOR DE NÚMERO DE CONTROL
campo de control mxdfmo
005 - FECHA Y HORA DE LA ÚLTIMA TRANSACCIÓN
campo de control 20260331144955.0
007 - CAMPO FIJO DE DESCRIPCIÓN FÍSICA--INFORMACIÓN GENERAL
campo de control de longitud fija ta
008 - DATOS DE LONGITUD FIJA--INFORMACIÓN GENERAL
campo de control de longitud fija 060123s2005 waubd g bi 100 0 spa d
020 ## - NÚMERO INTERNACIONAL ESTÁNDAR DEL LIBRO
Número Internacional Estándar del Libro 1-59782-003-2
035 ## - NÚMERO DE CONTROL DEL SISTEMA
Número de control de sistema 060114
040 ## - FUENTE DE CATALOGACIÓN
Centro catalogador/agencia de origen mxcmmo
Lengua de catalogación spa
Normas de descripción rda
Centro/agencia transcriptor mxcmmo
041 0# - CÓDIGO DE IDIOMA
Código de lengua del texto/banda sonora o título independiente spa
Código de lengua original eng
082 04 - NÚMERO DE LA CLASIFICACIÓN DECIMAL DEWEY
Número de clasificación 336.014
Número de ítem SEM.c
111 2# - ENTRADA PRINCIPAL--NOMBRE DE CONGRESO/REUNIÓN
Nombre de congreso/reunión o jurisdicción como elemento de entrada Seminario Participación Ciudadana en el Contexto de la Desentralización Fiscal
Fecha del congreso o de la firma del tratado (2002 :
Sede del congreso/Lugar de la reunión Tokio, Kobe, Japón
9 (RLIN) 143057
245 10 - MENCIÓN DEL TÍTULO
Título Ciudadanía activa
Resto del título : gestión de presupuestos locales en Asia Oriental y América Latina/
Mención de responsabilidad, etc. ed. Isabel Licha ; translator Teresa Niño Torres y María Victoria Mejía ; preface Nohra Rey de Marulanda
264 #1 - PRODUCCIÓN, PUBLICACIÓN, DISTRIBUCIÓN, FABRICACIÓN Y COPYRIGHT
Producción, publicación, distribución, fabricación y copyright Washington, D.C. :
Nombre del de productor, editor, distribuidor, fabricante Banco Interamericano de Desarrollo,
Fecha de producción, publicación, distribución, fabricación o copyright 2005.
300 ## - DESCRIPCIÓN FÍSICA
Extensión xx, 391 páginas:
Otras características físicas mapa, diagrs.;
Dimensiones 23 cm
336 ## - TIPO DE CONTENIDO
Término de tipo de contenido texto
Código de tipo de contenido txt
Fuente rdacontent
337 ## - TIPO DE MEDIO
Nombre/término del tipo de medio sin medio
Código del tipo de medio n
Fuente rdamedia
338 ## - TIPO DE SOPORTE
Nombre/término del tipo de soporte volumen
Código del tipo de soporte nc
Fuente rdacarrier
490 #0 - MENCIÓN DE SERIE
Mención de serie Desarrollo económico
500 ## - NOTA GENERAL
Nota general Prefacio e introducción en japonés
504 ## - NOTA DE BIBLIOGRAFÍA, ETC.
Nota de bibliografía, etc. Nota Incluye bibliografías
650 #7 - PUNTO DE ACCESO ADICIONAL DE MATERIA--TÉRMINO DE MATERIA
Término de materia o nombre geográfico como elemento de entrada Descentralización en el gobierno
Subdivisión geográfica Hispanoamérica
9 (RLIN) 28729
650 #7 - PUNTO DE ACCESO ADICIONAL DE MATERIA--TÉRMINO DE MATERIA
Término de materia o nombre geográfico como elemento de entrada Presupuestos municipales
Subdivisión geográfica Países en desarrollo
9 (RLIN) 143058
650 #7 - PUNTO DE ACCESO ADICIONAL DE MATERIA--TÉRMINO DE MATERIA
Término de materia o nombre geográfico como elemento de entrada Relaciones fiscales intergubernamentales
Subdivisión geográfica Países en desarrollo
9 (RLIN) 143059
700 1# - ENTRADA AGREGADA--NOMBRE PERSONAL
Nombre de persona Licha, Isabel
Término indicativo de función/relación editor
9 (RLIN) 143060
700 1# - ENTRADA AGREGADA--NOMBRE PERSONAL
Nombre de persona Mejía, María Victoria
Término indicativo de función/relación traductor
9 (RLIN) 141047
700 1# - ENTRADA AGREGADA--NOMBRE PERSONAL
Nombre de persona Niño Torres, Teresa
Término indicativo de función/relación traductor
9 (RLIN) 141048
700 1# - ENTRADA AGREGADA--NOMBRE PERSONAL
Nombre de persona Rey de Marulanda, Nohra
Término indicativo de función/relación prologuista
9 (RLIN) 143061
710 2# - ENTRADA AGREGADA--NOMBRE DE ENTIDAD CORPORATIVA
Nombre de entidad corporativa o nombre de jurisdicción como elemento de entrada Banco Interamericano de Desarrollo
9 (RLIN) 21172
900 ## - ELEMENTOS DE DATOS A LOCAL, LDA (RLIN)
Nombre de persona ALEPH14
Numeración Verónica Silva
Títulos y otros términos asociados al nombre 20061103
Lenguaje de la obra MOR01
-- 1055
900 ## - ELEMENTOS DE DATOS A LOCAL, LDA (RLIN)
Nombre de persona BATCH-UPD
Numeración 00
Títulos y otros términos asociados al nombre 20120323
Lenguaje de la obra MOR01
-- 1751
900 ## - ELEMENTOS DE DATOS A LOCAL, LDA (RLIN)
Nombre de persona BATCH-UPD
Numeración 40
Títulos y otros términos asociados al nombre 20120321
Lenguaje de la obra MOR01
-- 1716
900 ## - ELEMENTOS DE DATOS A LOCAL, LDA (RLIN)
Nombre de persona BATCH
Numeración 00
Títulos y otros términos asociados al nombre 20120322
Lenguaje de la obra MOR01
-- 1738
900 ## - ELEMENTOS DE DATOS A LOCAL, LDA (RLIN)
Nombre de persona CAT
Numeración 30
Títulos y otros términos asociados al nombre 20060123
Lenguaje de la obra MOR01
-- 1234
900 ## - ELEMENTOS DE DATOS A LOCAL, LDA (RLIN)
Nombre de persona KLAS
Numeración 30
Títulos y otros términos asociados al nombre 20060124
Lenguaje de la obra MOR01
-- 1117
900 ## - ELEMENTOS DE DATOS A LOCAL, LDA (RLIN)
Nombre de persona KLAS
Numeración 30
Títulos y otros términos asociados al nombre 20060124
Lenguaje de la obra MOR01
-- 1119
900 ## - ELEMENTOS DE DATOS A LOCAL, LDA (RLIN)
Nombre de persona KLAS
Numeración 30
Títulos y otros términos asociados al nombre 20060124
Lenguaje de la obra MOR01
-- 1120
900 ## - ELEMENTOS DE DATOS A LOCAL, LDA (RLIN)
Nombre de persona MARY
Numeración 05
Títulos y otros términos asociados al nombre 20060119
Lenguaje de la obra MOR01
-- 1531
900 ## - ELEMENTOS DE DATOS A LOCAL, LDA (RLIN)
Nombre de persona VOBO
Numeración 40
Títulos y otros términos asociados al nombre 20060126
Lenguaje de la obra MOR01
-- 1219
900 ## - ELEMENTOS DE DATOS A LOCAL, LDA (RLIN)
Nombre de persona VOBO
Numeración 40
Títulos y otros términos asociados al nombre 20090227
Lenguaje de la obra MOR01
-- 1519
904 ## - ELEMENTOS DE DATOS D LOCAL, LDD (RLIN)
a UPDATE
942 ## - ELEMENTOS DE ENTRADA SECUNDARIOS (KOHA)
Código de la institución [OBSOLETO] BK
901 ## - ELEMENTOS DE DATOS A LOCAL LDA (RLIN)
a batch batch
Holdings
Estatus retirado Estado de pérdida Fuente del sistema de clasificación o colocación Estado de daño No para préstamo Colección Biblioteca de origen Biblioteca actual Ubicación en estantería Fecha de adquisición Fuente de adquisición Número de inventario Total de préstamos Signatura topográfica completa Código de barras Visto por última vez Precio de reemplazo Tipo de ítem Koha
    Clasificación Decimal Dewey     Libros (General) Biblioteca Instituto Mora Biblioteca Instituto Mora Regular 23/01/2006   108730   (G)/336.014 SEM.c 33291001113642 03/09/2024 03/09/2024 Libro préstamo regular